Shape Venn Diagram VI Quiz Stats

 Plays Quiz Updated Jan 3, 2018

Challenge
Share
Tweet
Score 0/25 Timer 05:00
4 Plays Today
% Correct
???
94.1%
???
93.5%
???
93.5%
???
93.2%
???
93%
???
93%
???
92.6%
???
92.6%
???
92.2%
???
92.1%
???
92%
???
91.7%
???
91.6%
% Correct
???
91.5%
???
91.4%
???
91%
???
90.5%
???
89.8%
???
89.3%
???
88.6%
???
88.4%
???
87.9%
???
87.5%
???
87.5%
???
87.4%

You're not logged in!

Compare scores with friends on all Sporcle quizzes.
OR
Log In

You Might Also Like...

Show Comments

Extras

Top Quizzes Today


Score Distribution

Your Account Isn't Verified!

In order to create a playlist on Sporcle, you need to verify the email address you used during registration. Go to your Sporcle Settings to finish the process.

Report this User

Report this user for behavior that violates our Community Guidelines.

Details: